Tous les lauréats français aux Oscars - Statistiques

Statistiques générales
  • Ce quiz a été pris 67 fois
    24 depuis la dernière actualisation
  • Le résultat moyen est 26 sur 96
Statistiques - réponses
TYPE ANNEE NOM % Correct
Acteur lauréat 2012 Jean {Dujardin}
90%
Actrice lauréate 2008 Marion {Cotillard}
85%
Réalisateur lauréat 2003 Roman {Polanski}
80%
Pour les costumes 1991 Cyrano {de Bergerac}
75%
Meilleur film 2012 The {Artist}
75%
Pour la musique 2012 The {Artist}
75%
Pour les costumes 2012 The {Artist}
75%
Oscar d'honneur 2018 Agnès {Varda}
70%
Court métrage en prise de vues réelles 1960 Histoire d'un poisson {rouge}
70%
Pour le scénario 1957 Le ballon {rouge}
70%
Pour les costumes 1953 Moulin {rouge}
70%
Pour les décors 1953 Moulin {rouge}
70%
Actrice lauréate 1960 Simone {Signoret}
70%
Réalisateur lauréat 2017 Damien {Chazelle}
60%
Pour le scénario 2005 Eternal Sunshine {of the Spotless Mind}
60%
Pour la photo 1993 Et au milieu {coule une rivière}
55%
Second rôle lauréate 1997 Juliette {Binoche}
55%
Réalisateur lauréat 2012 Michel {Hazanavicius}
55%
Oscar d'honneur 2011 Jean-Luc {Godard}
50%
Pour la musique 1963 Lawrence {d'Arabie}
50%
Pour la musique 1997 Le patient {anglais}
50%
Pour la musique 2015 The Grand {Budapest Hotel}
50%
Film lauréat en langue étrangère 1953 Jeux {interdits}
45%
Pour la musique 2018 La forme {de l'eau}
45%
Pour le scénario 1958 Le pont {de la rivière Kwaï}
45%
Pour les effets spéciaux 2013 L'Odyssée {de Pi}
45%
Actrice lauréate 1935 Claudette {Colbert}
40%
Oscar d'honneur 1959 Maurice {Chevalier}
40%
Pour la musique 1966 Docteur {Jivago}
35%
Pour la photo 1963 Le jour {le plus long}
35%
Pour les effets spéciaux 1963 Le jour {le plus long}
35%
Film documentaire 2006 La Marche {de l'Empereur}
30%
Film lauréat en langue étrangère 1967 Un homme {et une femme}
30%
Pour le scénario 1967 Un homme {et une femme}
30%
Pour la direction artistique 1970 Hello {Dolly} !
25%
Meilleur documentaire 2006 La marche de l'{empereur}
25%
Pour le maquillage 2008 La {Môme}
25%
Film lauréat en langue étrangère 1979 Préparez {vos mouchoirs}
25%
Film documentaire 2002 Un coupable {idéal}
25%
Oscar d'honneur 1943 Charles {Boyer}
20%
Pour la musique 1969 L'Affaire {Thomas Crown}
20%
Court métrage en prise de vues réelles 1975 Les borgnes sont {rois}
20%
Pour la musique 1971 Love {Story}
20%
Pour la musique 1972 Un été {42}
20%
Fiction en deux bobines 1950 Van {Gogh}
20%
Meilleur film 2022 Coda
15%
Oscar d'honneur 1975 Jean {Renoir}
15%
Pour le maquillage 1983 La Guerre {du feu}
15%
Film lauréat en langue étrangère 1974 La nuit {américaine}
15%
Film lauréat en langue étrangère 1973 Le charme {discret de la bourgeoisie}
15%
Meilleur documentaire 1957 Le monde du {silence}
15%
Film lauréat en langue étrangère 1959 Mon {oncle}
15%
Film lauréat en langue étrangère 1960 Orfeu {Negro}
15%
Film lauréat en langue étrangère 1970 Z
15%
Pour les effets spéciaux 2020 1917
10%
Film lauréat en langue étrangère 1993 Indochine
10%
Oscar d'honneur 2015 Jean-Claude {Carrière}
10%
Film documentaire 1957 Le Monde {du silence}
10%
Court métrage en prise de vues réelles 2008 Le {Mozart} des pickpockets
10%
Pour la photo 1941 Le voleur {de Bagdad}
10%
Court métrage en prise de vues réelles 1993 Omnibus
10%
Pour le son 2021 Sound {of metal}
10%
Pour le scénario 2021 The {Father}
10%
Meilleur documentaire 2002 Un {coupable} idéal
10%
Film lauréat en langue étrangère 1951 Au-delà {des grilles}
5%
Court métrage documentaire 2021 Colette
5%
Oscar d'honneur 2023 Euzhan {Palcy}
5%
Oscar d'honneur 1974 Henri {Langlois}
5%
Court métrage en prise de vues réelles 1963 Heureux {anniversaire}
5%
Film documentaire 1989 Hôtel {Terminus}
5%
Meilleur documentaire 1989 Hôtel {Terminus}
5%
Pour la musique 1980 I love you, {je t'aime}
5%
Pour les décors 1960 La {Garçonnière}
5%
Film documentaire 1970 L'Amour {de la vie : Artur Rubinstein}
5%
Meilleur documentaire 1970 L'amour de la vie : Artur {Rubinstein}
5%
Court métrage en prise de vues réelles 1964 La rivière du {hibou}
5%
Pour la musique 1985 La route {des Indes}
5%
Film documentaire 1968 La Section {Anderson}
5%
Meilleur documentaire 1968 La section {Anderson}
5%
Film documentaire 1962 Le Ciel {et la Boue}
5%
Meilleur documentaire 1962 Le ciel et la {boue}
5%
Film documentaire 1965 Le Monde sans {soleil}
5%
Meilleur documentaire 1965 Le monde sans {soleil}
5%
Court métrage en prise de vues réelles 1966 Le {Poulet}
5%
Film lauréat en langue étrangère 1963 Les dimanches {de Ville d'Avray}
5%
Second rôle lauréate 1965 Lila {Kedrova}
5%
Court métrage d'animation 2010 Logorama
5%
Pour le scénario 1983 Missing
5%
Film lauréat en langue étrangère 1949 Monsieur {Vincent}
5%
Court métrage d'animation 2014 Mr {Hublot}
5%
Pour la direction artistique 1971 Patton
5%
Pour la direction artistique 1981 Tess
5%
Pour la photo 1981 Tess
5%
Pour les costumes 1981 Tess
5%
Pour les costumes 1957 Une Cadillac {en or massif}
5%
Pour la musique 1984 Yentl
5%
Aucun quiz correspondant
Distribution des résultats
% des personnes avec chaque résultat
Percentile par nombre de réponses
Votre historique - résultats
Vous n’avez pas pris ce quiz depuis la dernière actualisation